[Event "Santa Margalida Mallorca-ch"]
[Site "Santa Margalida"]
[Date "2016.12.03"]
[Round "8"]
[White "Ali, Ehsan"]
[Black "Queirolo Perez, Manuel"]
[Result "1-0"]
[WhiteElo "2404"]
[BlackElo "2059"]
[PlyCount "67"]
[EventDate "2016.11.11"]
[EventType "swiss"]
[EventRounds "8"]
[EventCountry "ESP"]
[SourceTitle "EXT 2018"]
[Source "ChessBase"]
[SourceDate "2017.10.13"]
[SourceVersion "1"]
[SourceVersionDate "2017.10.13"]
[SourceQuality "1"]

1. e4 c5 2. Nf3 Nc6 3. d4 cxd4 4. Nxd4 Qb6 5. Nb3 g6 6. Be3 Qb4+ 7. Nc3 Bg7 8. Bd3 Bxc3+ 9. bxc3 Qxc3+ 10. Bd2 Qe5 11. f4 Qc7 12. 0-0 d6 13. Qe1 Be6 14. Rb1 Nf6 15. Qh4 Nd7 16. Bc3 Rg8 17. Nd4 Nxd4 18. Bxd4 h5 19. Qf2 Bxa2 20. Rb2 Be6 21. Bxa7 Nc5 22. Bxc5 dxc5 23. Rfb1 Rb8 24. Rb6 Kf8 25. Qe3 Bd7 26. e5 Kg7 27. f5 Bc6 28. fxg6 Qd7 29. gxf7 Kxf7 30. e6+ Qxe6 31. Rf1+ Ke8 32. Qxe6 Rxg2+ 33. Kh1 Rg6+ 34. Rxc6 1-0

[Event "Santa Margalida Mallorca-ch"]
[Site "Santa Margalida"]
[Date "2016.11.18"]
[Round "3"]
[White "Gomez Olivares, Alejandro"]
[Black "Ali, Ehsan"]
[Result "0-1"]
[WhiteElo "1974"]
[BlackElo "2404"]
[PlyCount "38"]
[EventDate "2016.11.11"]
[EventType "swiss"]
[EventRounds "8"]
[EventCountry "ESP"]
[SourceTitle "EXT 2018"]
[Source "ChessBase"]
[SourceDate "2017.10.13"]
[SourceVersion "1"]
[SourceVersionDate "2017.10.13"]
[SourceQuality "1"]

1. c4 e5 2. Nc3 Nf6 3. e4 c6 4. Nf3 d5 5. d3 dxe4 6. dxe4 Qxd1+ 7. Kxd1 Nbd7 8. Bd3 Nc5 9. Kc2 Be6 10. b3 0-0-0 11. Rd1 Ng4 12. Be2 Rxd1 13. Bxd1 Nxf2 14. Nxe5 Nfxe4 15. Bb2 Nxc3 16. Bxc3 f6 17. Nf3 Bf5+ 18. Kc1 Bd6 19. Bc2 Nd3+ 0-1

[Event "Palma de Mallorca (Women)"]
[Site "Palma de Mallorca"]
[Date "2013.02.23"]
[Round "9.3"]
[White "Ali, Ehsan"]
[Black "De Seroux, Camille"]
[Result "1-0"]
[WhiteElo "2335"]
[BlackElo "2105"]
[PlyCount "69"]
[EventDate "2013.02.17"]
[EventType "swiss"]
[EventRounds "9"]
[EventCountry "ESP"]
[SourceTitle "EXT 2024"]
[Source "ChessBase"]
[SourceDate "2023.10.10"]
[SourceVersion "1"]
[SourceVersionDate "2023.10.10"]
[SourceQuality "1"]

1. e4 c5 2. b3 a6 3. Bb2 Nc6 4. g3 d5 5. d3 Nf6 6. Nd2 e6 7. Bg2 Be7 8. f4 0-0 9. Ngf3 Qa5 10. 0-0 Ng4 11. Qe2 c4 12. dxc4 Bc5+ 13. Kh1 Ne3 14. cxd5 exd5 15. exd5 Ne7 16. Nc4 Nxc4 17. Qxc4 Nf5 18. Qc3 Bb4 19. Qd3 Re8 20. a3 Bf8 21. Rfe1 Rd8 22. c4 Qb6 23. Nd4 g6 24. Nxf5 Bxf5 25. Qc3 f6 26. Qxf6 Qxf6 27. Bxf6 Re8 28. b4 a5 29. c5 axb4 30. axb4 Kf7 31. Be5 Bd7 32. d6 Bc6 33. b5 Bxg2+ 34. Kxg2 Rac8 35. d7 1-0

[Event "Palma de Mallorca (Women)"]
[Site "Palma de Mallorca"]
[Date "2013.02.21"]
[Round "7.4"]
[White "Ali, Ehsan"]
[Black "Rodrigo Yanguas, Maria"]
[Result "1/2-1/2"]
[WhiteElo "2335"]
[BlackElo "2187"]
[PlyCount "44"]
[EventDate "2013.02.17"]
[EventType "swiss"]
[EventRounds "9"]
[EventCountry "ESP"]
[SourceTitle "EXT 2024"]
[Source "ChessBase"]
[SourceDate "2023.10.10"]
[SourceVersion "1"]
[SourceVersionDate "2023.10.10"]
[SourceQuality "1"]

1. d4 d5 2. c4 Nc6 3. cxd5 Qxd5 4. e3 e5 5. Nc3 Bb4 6. Bd2 Bxc3 7. bxc3 Nf6 8. Qb3 Qd6 9. Bc1 Be6 10. Qa3 Ne4 11. Qxd6 cxd6 12. Bb2 exd4 13. exd4 0-0 14. Bd3 Nf6 15. Nf3 Na5 16. Nd2 Rac8 17. 0-0 Nd5 18. Rfc1 Nb6 19. Ba3 Rfd8 20. Bb5 Nac4 21. Bxc4 Nxc4 22. Nxc4 Bxc4 1/2-1/2

[Event "Palma de Mallorca (Women)"]
[Site "Palma de Mallorca"]
[Date "2013.02.18"]
[Round "2.2"]
[White "Ali, Ehsan"]
[Black "Robin, Samy"]
[Result "1/2-1/2"]
[WhiteElo "2335"]
[BlackElo "2250"]
[PlyCount "86"]
[EventDate "2013.02.17"]
[EventType "swiss"]
[EventRounds "9"]
[EventCountry "ESP"]
[SourceTitle "EXT 2024"]
[Source "ChessBase"]
[SourceDate "2023.10.10"]
[SourceVersion "1"]
[SourceVersionDate "2023.10.10"]
[SourceQuality "1"]

1. e4 e5 2. Nf3 Nc6 3. Bc4 Nf6 4. d3 Be7 5. 0-0 0-0 6. Re1 d6 7. c3 Na5 8. Bb5 a6 9. Ba4 b5 10. Bc2 c5 11. Nbd2 Re8 12. Nf1 Bf8 13. d4 Bg4 14. d5 Nc4 15. h3 Bxf3 16. Qxf3 g6 17. a4 Nd7 18. b3 Na5 19. Ne3 Bh6 20. axb5 axb5 21. Nf5 Bf8 22. Nh6+ Bxh6 23. Bxh6 c4 24. bxc4 Nxc4 25. Bd3 Qf6 26. Qg4 Nc5 27. Bxc4 bxc4 28. Bg5 Qg7 29. Qh4 f5 30. Bf6 Qf7 31. exf5 gxf5 32. Rxa8 Rxa8 33. f3 Nd3 34. Rb1 Nf4 35. Bg5 Ne2+ 36. Kh2 Nxc3 37. Rc1 Nxd5 38. Qxc4 f4 39. Qc6 Re8 40. Qxd6 Qe6 41. Rc6 Qxd6 42. Rxd6 Ne3 43. Rd8 Rxd8 1/2-1/2

[Event "Can Picafort"]
[Site "Can Picafort"]
[Date "2012.05.18"]
[Round "7"]
[White "Beukema, Stefan"]
[Black "Ali, Ehsan"]
[Result "1-0"]
[WhiteElo "2292"]
[BlackElo "2353"]
[PlyCount "113"]
[EventDate "2012.05.14"]
[EventType "tourn"]
[EventRounds "9"]
[EventCountry "ESP"]
[EventCategory "3"]
[SourceTitle "EXT 2014"]
[Source "ChessBase"]
[SourceDate "2013.11.20"]
[SourceVersion "1"]
[SourceVersionDate "2013.11.20"]
[SourceQuality "1"]

1. e4 e5 2. Nf3 Nc6 3. d4 exd4 4. Nxd4 Nf6 5. Nxc6 bxc6 6. e5 Qe7 7. Qe2 Nd5 8. c4 Ba6 9. b3 0-0-0 10. Bb2 f6 11. g3 fxe5 12. Bg2 Re8 13. 0-0 h5 14. Re1 Nf6 15. Qxe5 Qf7 16. Qa5 Rxe1+ 17. Qxe1 Bc5 18. Bxf6 Re8 19. Qd2 Qxf6 20. Nc3 Bxf2+ 21. Qxf2 Qxc3 22. Rd1 Qe3 23. Qxe3 Rxe3 24. Bh3 Re7 25. Rf1 Kb7 26. Rf8 g5 27. Bf5 Kb6 28. Rg8 g4 29. Rh8 d5 30. b4 Bb7 31. c5+ Kb5 32. Rb8 Kxb4 33. Rxb7+ Kxc5 34. Rxa7 Kb4 35. Bg6 d4 36. Bxh5 c5 37. Bxg4 c4 38. Kf2 c3 39. Bd1 d3 40. Ra4+ Kb5 41. Bb3 c2 42. Rc4 Re2+ 43. Kf3 c5 44. h4 Re1 45. a4+ Kc6 46. Bxc2 dxc2 47. Rxc2 Ra1 48. h5 Kd5 49. Rh2 Rxa4 50. h6 Ra8 51. h7 Rh8 52. Kf4 Ke6 53. Kg5 Kf7 54. Kh6 Re8 55. Rf2+ Ke6 56. Kg7 Re7+ 57. Kg8 1-0

[Event "Can Picafort"]
[Site "Can Picafort"]
[Date "2012.05.15"]
[Round "3"]
[White "Ali, Ehsan"]
[Black "Valles, Manuel"]
[Result "1-0"]
[WhiteElo "2353"]
[BlackElo "2260"]
[PlyCount "65"]
[EventDate "2012.05.14"]
[EventType "tourn"]
[EventRounds "9"]
[EventCountry "ESP"]
[EventCategory "3"]
[SourceTitle "EXT 2014"]
[Source "ChessBase"]
[SourceDate "2013.11.20"]
[SourceVersion "1"]
[SourceVersionDate "2013.11.20"]
[SourceQuality "1"]

1. e4 c5 2. Nf3 Nc6 3. d4 cxd4 4. Nxd4 g6 5. Nc3 Bg7 6. Be3 Nf6 7. Bc4 Qa5 8. 0-0 0-0 9. Nb3 Qc7 10. Bg5 a6 11. Re1 e6 12. Bf1 b5 13. Qd2 Ne5 14. Rad1 Bb7 15. f4 Nc4 16. Bxc4 bxc4 17. Nd4 d6 18. Nf3 Rfd8 19. Qe3 Re8 20. h3 Rab8 21. e5 Nd5 22. Nxd5 Bxd5 23. Bf6 dxe5 24. Bxg7 Kxg7 25. Nxe5 Qb6 26. Rd4 Qb7 27. Ng4 f6 28. f5 g5 29. Nxf6 Kxf6 30. Qe5+ Kf7 31. fxe6+ Bxe6 32. Qxg5 Rg8 33. Rf4+ 1-0

[Event "Can Picafort"]
[Site "Can Picafort"]
[Date "2012.05.15"]
[Round "2"]
[White "Song, Julien"]
[Black "Ali, Ehsan"]
[Result "1-0"]
[WhiteElo "2346"]
[BlackElo "2353"]
[PlyCount "91"]
[EventDate "2012.05.14"]
[EventType "tourn"]
[EventRounds "9"]
[EventCountry "ESP"]
[EventCategory "3"]
[SourceTitle "EXT 2014"]
[Source "ChessBase"]
[SourceDate "2013.11.20"]
[SourceVersion "1"]
[SourceVersionDate "2013.11.20"]
[SourceQuality "1"]

1. d4 d5 2. Nf3 c6 3. c4 e6 4. Nc3 f5 5. Bf4 Bd6 6. Bxd6 Qxd6 7. g3 Nf6 8. Bg2 0-0 9. 0-0 b6 10. Qc2 Ne4 11. Rad1 Nd7 12. Nxe4 fxe4 13. Ng5 Ba6 14. b3 h6 15. Nh3 Rac8 16. Nf4 g5 17. Nh5 Nf6 18. Nxf6+ Rxf6 19. f3 exf3 20. Rxf3 Rcf8 21. Rxf6 Rxf6 22. e4 dxe4 23. Qxe4 Bb7 24. Qe5 Qxe5 25. dxe5 Rf7 26. Rd6 c5 27. Bh3 Kg7 28. Bxe6 Re7 29. Kf2 Be4 30. Ke3 Bb1 31. a3 Ba2 32. b4 cxb4 33. axb4 b5 34. Kd4 Bxc4 35. Bxc4 bxc4 36. b5 c3 37. Rc6 Rd7+ 38. Ke4 Rb7 39. Rxc3 Rxb5 40. Rc7+ Kg6 41. Rc6+ Kh5 42. Kf5 g4 43. Rc4 Rb2 44. Rxg4 Rxh2 45. Rh4+ Rxh4 46. gxh4 1-0

[Event "Palma de Mallorca op 4th"]
[Site "Palma de Mallorca"]
[Date "2009.11.22"]
[Round "3"]
[White "Crespi Lopez, Juan Josep"]
[Black "Ali, Ehsan"]
[Result "1-0"]
[WhiteElo "1981"]
[BlackElo "2312"]
[PlyCount "99"]
[EventDate "2009.11.21"]
[EventType "swiss"]
[EventRounds "9"]
[EventCountry "ESP"]
[SourceTitle "EXT 2011"]
[Source "ChessBase"]
[SourceDate "2010.11.26"]
[SourceVersion "1"]
[SourceVersionDate "2010.11.26"]
[SourceQuality "1"]

1. d4 d5 2. c4 c6 3. Nf3 e6 4. Qc2 f5 5. g3 Nf6 6. Bg2 Bd6 7. Nbd2 0-0 8. a3 Nbd7 9. b4 Ne4 10. Bb2 Qe7 11. Ne5 a5 12. c5 Bc7 13. 0-0 Ndf6 14. Ndf3 Bd7 15. Rab1 g5 16. Bc1 g4 17. Nh4 Nh5 18. Bxe4 dxe4 19. Bh6 Rfe8 20. Qd2 Bc8 21. Bg5 Qg7 22. Bh6 Qe7 23. Bg5 Nf6 24. Bh6 Nd5 25. Bg5 Qg7 26. Bh6 Qf6 27. Bg5 Qh8 28. Bh6 Bxe5 29. dxe5 Qxe5 30. Qg5+ Kh8 31. Qh5 Re7 32. Bc1 Qf6 33. Bg5 Qf7 34. Qh6 Qg7 35. Ng6+ Qxg6 36. Qf8+ Qg8 37. Bxe7 Qxf8 38. Bxf8 Kg8 39. Bd6 Kf7 40. Be5 Bd7 41. bxa5 Bc8 42. Rb3 Rxa5 43. Rc1 h5 44. e3 Kg6 45. Kg2 Kg5 46. h4+ gxh3+ 47. Kxh3 Ne7 48. Rd1 Rxc5 49. Bd6 Rd5 50. Bxe7+ 1-0

[Event "Palma de Mallorca op 3rd"]
[Site "Palma de Mallorca"]
[Date "2008.12.11"]
[Round "6"]
[White "Venkatesh, Marani Rajendran"]
[Black "Ali, Ehsan"]
[Result "1/2-1/2"]
[WhiteElo "2468"]
[BlackElo "2241"]
[PlyCount "62"]
[EventDate "2008.12.06"]
[EventType "swiss"]
[EventRounds "9"]
[EventCountry "ESP"]
[SourceTitle "CBM 127 Extra"]
[Source "ChessBase"]
[SourceDate "2009.01.08"]
[SourceVersion "2"]
[SourceVersionDate "2009.01.28"]
[SourceQuality "1"]

1. Nf3 d5 2. g3 c6 3. Bg2 Nf6 4. d3 Bf5 5. 0-0 e6 6. Nbd2 Be7 7. b3 0-0 8. Bb2 c5 9. Ne5 Ng4 10. Nef3 Bf6 11. c3 Nc6 12. h3 Nge5 13. Nxe5 Bxe5 14. e4 dxe4 15. dxe4 Bg6 16. f4 Bc7 17. f5 Qg5 18. fxg6 Rad8 19. gxh7+ Kh8 20. Rf2 Bxg3 21. Re2 Bf4 22. Bc1 Ne5 23. Kh1 Nd3 24. Ba3 b5 25. Nf3 Qg3 26. Qg1 b4 27. cxb4 cxb4 28. Bb2 Rd7 29. Bd4 Rfd8 30. Rd1 Rxd4 31. Nxd4 Rxd4 1/2-1/2

[Event "Palma de Mallorca op 3rd"]
[Site "Palma de Mallorca"]
[Date "2008.12.08"]
[Round "3"]
[White "Ali, Ehsan"]
[Black "Mellado Trivino, Juan"]
[Result "1-0"]
[WhiteElo "2241"]
[BlackElo "2434"]
[PlyCount "93"]
[EventDate "2008.12.06"]
[EventType "swiss"]
[EventRounds "9"]
[EventCountry "ESP"]
[SourceTitle "CBM 127 Extra"]
[Source "ChessBase"]
[SourceDate "2009.01.08"]
[SourceVersion "2"]
[SourceVersionDate "2009.01.28"]
[SourceQuality "1"]

1. e4 e6 2. d4 d5 3. Nd2 Nf6 4. e5 Nfd7 5. f4 c5 6. c3 Nc6 7. Ndf3 cxd4 8. cxd4 Qb6 9. a3 Be7 10. h4 f6 11. Bd3 a5 12. b3 f5 13. Ne2 Ndb8 14. 0-0 Bd7 15. Be3 Nd8 16. Nc3 0-0 17. g4 fxg4 18. Ng5 h6 19. Qxg4 Qxb3 20. Bd2 Qb6 21. Nf3 Be8 22. f5 exf5 23. Bxf5 h5 24. Qh3 Qc6 25. Bd3 Qe6 26. Qxe6+ Nxe6 27. Nxd5 Bd8 28. Rab1 Nc6 29. Be3 Rxf3 30. Rxf3 Ncxd4 31. Rff1 Bc6 32. Nf4 Nxf4 33. Bc4+ Kh7 34. Bxd4 Ng2 35. Bd3+ Kg8 36. Bc4+ Kh7 37. Rf8 Nxh4 38. Bd3+ g6 39. Rbf1 Nf5 40. Bxf5 gxf5 41. e6 Bb6 42. Rf7+ Kg6 43. Bxb6 Re8 44. Re1 Be4 45. Bxa5 Rxe6 46. Rxb7 Ra6 47. Rb6+ 1-0

[Event "Calvia op 4th"]
[Site "Calvia"]
[Date "2007.10.18"]
[Round "4"]
[White "Ali, Ehsan"]
[Black "Cornette, Matthieu"]
[Result "0-1"]
[WhiteElo "2280"]
[BlackElo "2494"]
[PlyCount "74"]
[EventDate "2007.10.15"]
[EventType "swiss"]
[EventRounds "9"]
[EventCountry "ESP"]
[SourceTitle "CBM 120 Extra"]
[Source "ChessBase"]
[SourceDate "2007.11.01"]
[SourceVersion "1"]
[SourceVersionDate "2007.11.01"]
[SourceQuality "1"]

1. e4 c5 2. Nf3 e6 3. d4 cxd4 4. Nxd4 Nc6 5. Nc3 Qc7 6. g3 a6 7. Bg2 h5 8. h3 Nf6 9. 0-0 Bc5 10. Be3 Ne5 11. Qe2 Ng6 12. Qc4 d6 13. a4 Bd7 14. f4 e5 15. fxe5 Nxe5 16. Qe2 Qb6 17. Rxf6 Qxb2 18. Rd1 Qxc3 19. Rff1 Bxa4 20. Nf5 Bb5 21. Qe1 Bxe3+ 22. Nxe3 Qc5 23. Rf2 f6 24. Kh1 0-0-0 25. c4 Bc6 26. Qc3 Kb8 27. Ra2 Rhe8 28. Rb1 Bb5 29. Bf1 Rc8 30. Ra5 Qc6 31. Qd4 Nxc4 32. Nxc4 Bxc4 33. Bg2 Bb5 34. Kh2 Re5 35. Rd1 Qc4 36. Qd2 Rc6 37. Raa1 g5 0-1

[Event "Calvia op 3rd"]
[Site "Calvia"]
[Date "2006.10.23"]
[Round "4"]
[White "Libiszewski, Fabien"]
[Black "Ali, Ehsan"]
[Result "1-0"]
[WhiteElo "2459"]
[BlackElo "2236"]
[PlyCount "85"]
[EventDate "2006.10.20"]
[EventType "swiss"]
[EventRounds "9"]
[EventCountry "ESP"]
[SourceTitle "EXT 2007"]
[Source "ChessBase"]
[SourceDate "2006.11.23"]
[SourceVersion "1"]
[SourceVersionDate "2006.11.23"]
[SourceQuality "1"]

1. e4 e5 2. Nf3 Nc6 3. Bb5 a6 4. Ba4 Nf6 5. 0-0 Be7 6. Re1 b5 7. Bb3 0-0 8. a4 Bb7 9. d3 d6 10. Nbd2 h6 11. Nf1 Re8 12. Bd2 Bf8 13. c4 b4 14. a5 Rb8 15. Ne3 Nd7 16. Bc2 Nc5 17. Nd5 Bc8 18. Ba4 Nxa4 19. Rxa4 Bg4 20. h3 Bh5 21. Nxb4 Nxb4 22. Rxb4 d5 23. Rxb8 Qxb8 24. cxd5 Qxb2 25. Qc1 Qxc1 26. Rxc1 Bxf3 27. gxf3 Bd6 28. Rc6 Ra8 29. f4 exf4 30. Bc3 f6 31. Kg2 Kf8 32. Kf3 h5 33. d4 Ra7 34. e5 Be7 35. Kxf4 Ke8 36. Ke4 Kd7 37. Kf5 Ra8 38. Kg6 fxe5 39. dxe5 Rf8 40. e6+ Kc8 41. Be5 Rxf2 42. Rxc7+ Kd8 43. d6 1-0

[Event "Calvia op 2nd"]
[Site "Calvia"]
[Date "2005.10.27"]
[Round "8"]
[White "Ali, Ehsan"]
[Black "Pena Gomez, Manuel"]
[Result "0-1"]
[WhiteElo "2083"]
[BlackElo "2315"]
[PlyCount "58"]
[EventDate "2005.10.21"]
[EventType "swiss"]
[EventRounds "9"]
[EventCountry "ESP"]
[SourceTitle "EXT 2006"]
[Source "ChessBase"]
[SourceDate "2005.11.24"]
[SourceVersion "1"]
[SourceVersionDate "2005.11.24"]
[SourceQuality "1"]

1. e4 c5 2. Nf3 d6 3. d4 cxd4 4. Nxd4 Nf6 5. Nc3 a6 6. f3 e5 7. Nb3 Be6 8. Be3 Nbd7 9. Qd2 Be7 10. g4 Nb6 11. g5 Nh5 12. 0-0-0 Rc8 13. Kb1 0-0 14. h4 Ng3 15. Rg1 Nxf1 16. Rdxf1 Nc4 17. Qe2 Qc7 18. Bc1 Na3+ 19. bxa3 Qxc3 20. Qg2 a5 21. Bb2 Qc7 22. f4 Bc4 23. Rf2 a4 24. Nc1 d5 25. Rd1 Qb6 26. exd5 Bxa3 27. c3 Bc5 28. Rc2 exf4 29. a3 Bxa3 0-1

[Event "Calvia op 2nd"]
[Site "Calvia"]
[Date "2005.10.25"]
[Round "6"]
[White "Norberg, Johan"]
[Black "Ali, Ehsan"]
[Result "1/2-1/2"]
[WhiteElo "2212"]
[BlackElo "2083"]
[PlyCount "77"]
[EventDate "2005.10.21"]
[EventType "swiss"]
[EventRounds "9"]
[EventCountry "ESP"]
[SourceTitle "EXT 2006"]
[Source "ChessBase"]
[SourceDate "2005.11.24"]
[SourceVersion "1"]
[SourceVersionDate "2005.11.24"]
[SourceQuality "1"]

1. e4 e5 2. Nf3 Nc6 3. Bc4 Nf6 4. d4 exd4 5. 0-0 Nxe4 6. Re1 d5 7. Bxd5 Qxd5 8. Nc3 Qh5 9. Nxe4 Be6 10. Bg5 Bd6 11. Nxd6+ cxd6 12. Bf4 Qf5 13. Bxd6 0-0-0 14. Bg3 Rd5 15. Qd2 g5 16. c4 Rc5 17. Nxd4 Nxd4 18. Qxd4 Rd8 19. Qe3 Rd3 20. Qe2 Rd4 21. b3 Qd3 22. Qh5 Qg6 23. Qf3 Qf5 24. Qe2 Qd3 25. Qh5 Qg6 26. Qxg6 hxg6 27. Rad1 Rxd1 28. Rxd1 Ra5 29. Rd2 b5 30. cxb5 Bxb3 31. f4 gxf4 32. Bxf4 Rxa2 33. Rxa2 Bxa2 34. Kf2 Bc4 35. Ke3 Bxb5 36. Kd4 f6 37. h4 Be2 38. Kc3 Kd7 39. g3 1/2-1/2

[Event "Calvia op 2nd"]
[Site "Calvia"]
[Date "2005.10.21"]
[Round "1"]
[White "Libiszewski, Fabien"]
[Black "Ali, Ehsan"]
[Result "1-0"]
[WhiteElo "2459"]
[BlackElo "2083"]
[PlyCount "47"]
[EventDate "2005.10.21"]
[EventType "swiss"]
[EventRounds "9"]
[EventCountry "ESP"]
[SourceTitle "EXT 2006"]
[Source "ChessBase"]
[SourceDate "2005.11.24"]
[SourceVersion "1"]
[SourceVersionDate "2005.11.24"]
[SourceQuality "1"]

1. e4 e5 2. Nf3 Nc6 3. Bb5 a6 4. Ba4 Nf6 5. 0-0 Be7 6. Qe2 b5 7. Bb3 0-0 8. c3 d5 9. d3 Re8 10. Bg5 Be6 11. Nbd2 Na5 12. Nxe5 Nxb3 13. Nc6 Qd7 14. Nxe7+ Qxe7 15. axb3 dxe4 16. dxe4 Bd5 17. f3 Qe6 18. b4 Nd7 19. Bf4 c5 20. Qf2 Bb7 21. bxc5 Rac8 22. b4 Qf6 23. Be3 Qxc3 24. Bd4 1-0